| 000 | 01223nam a22003977a 4500 | ||
|---|---|---|---|
| 005 | 20230821142636.0 | ||
| 008 | 160225b xxu||||| |||| 00| 0 spa d | ||
| 020 | _a9789875171404 | ||
| 041 | _aEspañol | ||
| 082 | _a614.15 Z39p | ||
| 100 |
_aZazzali, Julio _9138 |
||
| 245 | _aLa pericia psiquiátrica | ||
| 250 | _a2 edición | ||
| 260 |
_aArgentina _bLa Roca _c2013 |
||
| 300 | _a304 páginas | ||
| 650 |
_aPSIQUIATRÍA CRIMINAL _95447 |
||
| 650 |
_aPERICIA PSIQUIÁTRICA _95448 |
||
| 650 |
_aACTUACIÓN DEL PERITO _95449 |
||
| 650 |
_aINVESTIGACIÓN PSIQUIÁTRICA _95450 |
||
| 650 |
_aINFORME PERICIAL _95345 |
||
| 650 |
_aIMPUGNACIÓN _95451 |
||
| 650 |
_aEVALUACIÓN DE TESTIMONIOS _95452 |
||
| 650 |
_aPERITAJE EN FUERO PENAL _95453 |
||
| 650 |
_aEXAMEN DEL TRASTORNO MENTAL _95454 |
||
| 650 |
_aESTADO EMOCIONAL _95455 |
||
| 650 |
_aPELIGROSIDAD _9147 |
||
| 650 |
_aJUICIO ORAL _95456 |
||
| 650 |
_aCAPACIDAD CIVIL _95457 |
||
| 650 |
_aPROBLEMAS EN EL AMBIENTE LABORAL _95458 |
||
| 650 |
_aSOCIÓPATA _9143 |
||
| 650 |
_aALCOHOLEMIA _94876 |
||
| 650 |
_aTESTIMONIO DE NIÑOS ABUSADOS _95459 |
||
| 650 |
_aPARAFILIAS _95460 |
||
| 650 |
_aEVALUACIÓN DE INCAPACIDADES _95461 |
||
| 942 | _cBK | ||
| 999 |
_c7716 _d7716 |
||